| 000 | 00589nam a2200205Ia 4500 | ||
|---|---|---|---|
| 003 | GCL | ||
| 005 | 20240530104818.0 | ||
| 008 | 140319s9999 xx 000 0 ara d | ||
| 040 |
_aGCL / _cGCL |
||
| 082 | 0 | 4 |
_a701.18 _bح س |
| 100 | 1 | _aحسن سليمان | |
| 245 | 1 | 0 |
_aسيكولوجية الخطوط : _bكيف تقرا صورة / _cحسن سليمان |
| 300 |
_a119 ص ؛ _c19 سم |
||
| 490 |
_aالمكتبة الثقافية _v175 |
||
| 650 | 0 | 4 | _aالكتابة |
| 650 | 0 | 4 | _aالخطوط |
| 650 | 0 | 4 | _aالفنون |
| 650 | 0 | 4 | _aدراسة الخطوط |
| 942 |
_2ddc _cBK |
||
| 999 |
_c50873 _d50873 |
||